| 000 | 00811nam a2200289 a 4500 | ||
|---|---|---|---|
| 003 | AR-BaBNM | ||
| 005 | 20251128202902.0 | ||
| 008 | 082120s2002 ||||||||||||||000 | spa|| | ||
| 040 | _cAR-BaBNM | ||
| 245 | 0 | 0 | _aAntología de cuentos |
| 260 |
_aBuenos Aires _bEdiciones Azul _c[s.f.] |
||
| 300 | _a48 p. | ||
| 500 | _aLos autores que integran la presente obra integran el tercer año del Taller Literario Informal | ||
| 650 | 4 | _aLITERATURA ARGENTINA | |
| 650 | 4 | _aLITERATURA CONTEMPORANEA | |
| 650 | 4 | _aANTOLOGIAS | |
| 653 | _aNARRATIVA | ||
| 655 | _aLITERATURA | ||
| 700 | 1 | _aAcerenza, Adriana | |
| 700 | 1 | _aPatrón, Perla | |
| 700 | 1 | _aPensa, Carlos | |
| 700 | 1 | _aPittaluga, Marta | |
| 700 | 1 | _aZabala, Beatriz | |
| 700 | 1 |
_aMoro, Osvaldo M. _ecompilador |
|
| 942 | _cBK | ||
| 998 | _cMARTIN | ||
| 999 |
_c1046 _d1046 |
||